Particulars and conditions of sale of ... freehold estates the property of the late Marquis of Ormonde... (Record no. 104207)

MARC details
000 -LEADER
fixed length control field 00694ctm a22001815a 4500
001 - CONTROL NUMBER
control field L129474
008 - FIXED-LENGTH DATA ELEMENTS--GENERAL INFORMATION
fixed length control field 050421s1824 xxk 000 0 eng u
035 ## - SYSTEM CONTROL NUMBER
System control number (Sirsi) u129474
041 ## - LANGUAGE CODE
Language code of text/sound track or separate title eng
245 00 - TITLE STATEMENT
Title Particulars and conditions of sale of ... freehold estates the property of the late Marquis of Ormonde...
260 ## - PUBLICATION, DISTRIBUTION, ETC.
Date of publication, distribution, etc. 1824
300 ## - PHYSICAL DESCRIPTION
Extent 1v
Other physical details ill.
Dimensions 50cm.
520 ## - SUMMARY, ETC.
Summary, etc. Scrapbook containing details of the sale of the Marquis of Ormonde's Derbyshire estates on 22 October 1824. Includes contemporary press cuttings describing the sale.
583 ## - ACTION NOTE
Action Condition reviewed
Time/date of action 20120620
Status condition level 4
651 #4 - SUBJECT ADDED ENTRY--GEOGRAPHIC NAME
Geographic name Great Britain
Chronological subdivision 1707-
690 ## - LOCAL SUBJECT ADDED ENTRY--TOPICAL TERM (OCLC, RLIN)
Topical term or geographic name as entry element Auctioneering
9 (RLIN) 6218
942 ## - ADDED ENTRY ELEMENTS (KOHA)
Suppress in OPAC 0
Holdings
Withdrawn status Lost status Source of classification or shelving scheme Damaged status Not for loan Home library Current library Shelving location Date acquired Total Checkouts Full call number Barcode Date last seen Copy number Price effective from Koha item type
    Dewey Decimal Classification     Historic collection Historic collection Historic collection 21/04/2005   FOLIO 1824 PARTICULARS 30077781 06/08/2019 1 06/08/2019 Book